000 00825nam a2200289Ia 4500
003 OSt
005 20220926002508.0
006 a|||||r|||| 00| 0
007 ta
008 220923b |||||||| |||| 00| 0 eng d
020 _a8190051814
037 _cGeneral Book
040 _aRTL
_cRTL
_beng
041 _2eng
_aeng
082 _aX78.2.N9, N7
100 _aSen Tapas K
_9305950
245 0 _aGovernment subsidies in India
260 _a New Delhi
_bN I P F P
_c1997
300 _axiii, 161p
_ccm.
490 _aNational Institute of Public Finance and Policy
500 _aBibliography chapterwise
650 _a Economics
650 _aSubsidy
_9305951
700 _a Srivastava D K
_9242960
942 _hX78.2.N9, N7
_cGB
_2CC
999 _c605226
_d605226